| 000 | 00914nam a2200253 a 4500 | ||
|---|---|---|---|
| 005 | 20200104041536.0 | ||
| 008 | 140307b2001 ck ||||| |||| 00| 0 spa d | ||
| 040 |
_aCO-BoIAVH _cCO-BoIAVH |
||
| 041 | _aspa | ||
| 044 | _ack | ||
| 090 |
_aLB _b02624 |
||
| 110 |
_bFundación de Sabedores Siona y Cofán Zio-A'I Unión de Sabiduría _94466 |
||
| 245 | _aProyecto de conservación y recuperación de las condiciones biológicas y culturales de los pueblos Siona y Cofan | ||
| 260 |
_aBogotá _bFundación de Sabedores Siona y Cofán ZIO-A'I Unión de Sabiduría _c2001 |
||
| 300 | _a20 p. | ||
| 650 |
_aComunidad Siona _94831 |
||
| 650 |
_aComunidad Cofan _913827 |
||
| 650 |
_acominidades indígenas _917567 |
||
| 650 |
_aConservación de biodiversidad _9345 |
||
| 650 |
_aConocimiento tradicional _992244 |
||
| 650 |
_aproyectos de investigación _97173 |
||
| 662 |
_aColombia _bPutumayo |
||
| 942 |
_cINFORME _2z |
||
| 999 |
_c2835 _d2835 |
||